The coup makers (Record no. 490)

MARC details
000 -LEADER
fixed length control field 00394nam a2200169Ia 4500
008 - FIXED-LENGTH DATA ELEMENTS--GENERAL INFORMATION
fixed length control field 240428s9999||||xx |||||||||||||| ||und||
020 ## - INTERNATIONAL STANDARD BOOK NUMBER
International Standard Book Number 9789988573232
041 ## - LANGUAGE CODE
Language code of text/sound track or separate title fre
082 ## - DEWEY DECIMAL CLASSIFICATION NUMBER
Classification number 321.8A
100 ## - MAIN ENTRY--PERSONAL NAME
Personal name Konadu, Asare
245 #4 - TITLE STATEMENT
Title The coup makers
260 ## - PUBLICATION, DISTRIBUTION, ETC.
Name of publisher, distributor, etc. adaex educational publication
Place of publication, distribution, etc. Accra
Date of publication, distribution, etc. 2012
300 ## - PHYSICAL DESCRIPTION
Extent 104
650 ## - SUBJECT ADDED ENTRY--TOPICAL TERM
Topical term or geographic name entry element Coup d'état-Ghana
942 ## - ADDED ENTRY ELEMENTS (KOHA)
Koha item type Books
Holdings
Withdrawn status Lost status Damaged status Not for loan Home library Current library Shelving location Date acquired Total checkouts Full call number Date last seen Copy number Price effective from Koha item type
        Main Library Main Library Open Shelves 13/01/2022   NULL 29/04/2024 1 29/04/2024 Books
©2026  Parliament of Ghana Library - All rights reserved